Tobacco road / (Record no. 200468075)

MARC details
000 -LEADER
fixed length control field 01460cam a2200445 i 4500
001 - CONTROL NUMBER
control field 200468075
003 - CONTROL NUMBER IDENTIFIER
control field TR-AnTOB
005 - DATE AND TIME OF LATEST TRANSACTION
control field 20260413141528.0
007 - PHYSICAL DESCRIPTION FIXED FIELD--GENERAL INFORMATION
fixed length control field ta
008 - FIXED-LENGTH DATA ELEMENTS--GENERAL INFORMATION
fixed length control field 260413r19651934enk 000 1 eng
010 ## - LIBRARY OF CONGRESS CONTROL NUMBER
LC control number 74084334
035 ## - SYSTEM CONTROL NUMBER
System control number (CStRLIN)NJPG87-B4734
System control number (NjP)400258-princetondb
Canceled/invalid control number (NjP)Voyager400258
System control number (OCoLC)ocm01262466
System control number (TR-AnTOB)200468075
040 ## - CATALOGING SOURCE
Original cataloging agency NjP
Language of cataloging eng
Description conventions rda
Transcribing agency NjP
Modifying agency TR-AnTOB
041 0# - LANGUAGE CODE
Language code of text/sound track or separate title İngilizce
043 ## - GEOGRAPHIC AREA CODE
Geographic area code n-us-ga
050 04 - LIBRARY OF CONGRESS CALL NUMBER
Classification number PS3505.A322
Item number T6 1965
090 ## - LOCALLY ASSIGNED LC-TYPE CALL NUMBER (OCLC); LOCAL CALL NUMBER (RLIN)
Classification number (OCLC) (R) ; Classification number, CALL (RLIN) (NR) PS3505.A322
Local cutter number (OCLC) ; Book number/undivided call number, CALL (RLIN) T6 1965
100 1# - MAIN ENTRY--PERSONAL NAME
Personal name Caldwell, Erskine,
Dates associated with a name 1903-1987
Relator term author
Relator code aut
Authority record control number or standard number http://id.loc.gov/authorities/names/n78095661
9 (RLIN) 6820
245 10 - TITLE STATEMENT
Title Tobacco road /
Statement of responsibility, etc. Erskine Caldwell.
250 ## - EDITION STATEMENT
Edition statement Unabridged.
264 #1 - PRODUCTION, PUBLICATION, DISTRIBUTION, MANUFACTURE, AND COPYRIGHT NOTICE
Place of production, publication, distribution, manufacture London :
Name of producer, publisher, distributor, manufacturer Pan Books,
Date of production, publication, distribution, manufacture, or copyright notice 1965.
300 ## - PHYSICAL DESCRIPTION
Extent 156 pages ;
Dimensions 18 cm
336 ## - CONTENT TYPE
Content type term text
Content type code txt
Source rdacontent
337 ## - MEDIA TYPE
Media type term unmediated
Media type code n
Source rdamedia
338 ## - CARRIER TYPE
Carrier type term volume
Carrier type code nc
Source rdacarrier
650 #0 - SUBJECT ADDED ENTRY--TOPICAL TERM
Topical term or geographic name entry element Tobacco farmers
Form subdivision Fiction
9 (RLIN) 153598
Topical term or geographic name entry element Sharecroppers
Form subdivision Fiction
9 (RLIN) 153596
Topical term or geographic name entry element Rural poor
Form subdivision Fiction
9 (RLIN) 153597
Topical term or geographic name entry element Farm life
Form subdivision Fiction
9 (RLIN) 5346
Topical term or geographic name entry element Families
Form subdivision Fiction
9 (RLIN) 116536
655 #7 - INDEX TERM--GENRE/FORM
Genre/form data or focus term Domestic fiction
Source of term lcgft
Authority record control number http://id.loc.gov/authorities/genreForms/gf2014026295
9 (RLIN) 116540
Genre/form data or focus term Fiction
Source of term lcgft
Authority record control number http://id.loc.gov/authorities/genreForms/gf2014026339
9 (RLIN) 151487
942 ## - ADDED ENTRY ELEMENTS (KOHA)
Source of classification or shelving scheme Library of Congress Classification
Koha item type Book
Holdings
Withdrawn status Lost status Source of classification or shelving scheme Damaged status Not for loan Collection code Home library Current library Shelving location Date acquired Source of acquisition Inventory number Total Checkouts Full call number Barcode Date last seen Copy number Date shelved Koha item type Public note
    Library of Congress Classification Kullanılmış / Used Ödünç Verilemez-Kurumiçi kullanım / Not for loan-For inhouse use Genel Koleksiyon Tıp Fakültesi Medikal Kütüphane Tıp Fakültesi Medikal Kütüphane Genel Koleksiyon / Main Collection 18/03/2026 Bağış / Donation İDE   PS3505.A322 T6 1965 TıpFaK TF03059 13/04/2026 1 13/04/2026 Book Donated by Prof. Dr. Şükrü Cin
Devinim Yazılım Eğitim Danışmanlık tarafından Koha'nın orjinal sürümü uyarlanarak geliştirilip kurulmuştur.